[Event "Olympiad-44"]
[Site "Chennai"]
[Date "2022.08.03"]
[Round "6.4"]
[White "Eiti, Bashir"]
[Black "Veljanoski, Andrej"]
[Result "1-0"]
[WhiteElo "2337"]
[BlackElo "2162"]
[PlyCount "93"]
[EventDate "2022.07.29"]
[EventType "team-swiss"]
[EventRounds "11"]
[EventCountry "IND"]
[SourceTitle "CBM 210"]
[Source "ChessBase"]
[SourceDate "2022.10.31"]
[SourceVersion "1"]
[SourceVersionDate "2022.10.31"]
[SourceQuality "1"]
[WhiteTeam "Syria"]
[BlackTeam "North Macedonia"]
[WhiteTeamCountry "SYR"]
[BlackTeamCountry "MKD"]

1. Nf3 d5 2. g3 g6 3. Bg2 Bg7 4. 0-0 e5 5. c4 dxc4 6. Na3 Nc6 7. Nxc4 Nge7 8. d3 0-0 9. Rb1 Nd5 10. Bg5 Qd7 11. Qd2 Re8 12. Bh6 Bh8 13. Rfc1 b6 14. Ne3 Nxe3 15. Bxe3 Bb7 16. Qc2 e4 17. Ng5 exd3 18. Qxd3 Qxd3 19. exd3 Nd8 20. Bxb7 Nxb7 21. Rxc7 Nd6 22. Bf4 Be5 23. Bxe5 Rxe5 24. Nf3 Ree8 25. Rbc1 Nb5 26. Rb7 Rad8 27. Re1 Rxe1+ 28. Nxe1 Rd4 29. a3 Kg7 30. f4 Rd6 31. a4 Nd4 32. Rxa7 Re6 33. Kf1 Nf5 34. Nf3 Ne3+ 35. Kg1 Ng4 36. Ng5 Re1+ 37. Kg2 h5 38. Rxf7+ Kg8 39. h3 Nh6 40. Rf6 Kg7 41. Rxb6 Nf5 42. Rb7+ Kg8 43. a5 Re2+ 44. Kg1 Ne3 45. a6 Rg2+ 46. Kh1 Rf2 47. Ne4 1-0

[Event "Arab-ch U18"]
[Site "Tripoli"]
[Date "2010.02.01"]
[Round "6"]
[White "Omar, Noaman"]
[Black "Eiti, Bashir"]
[Result "1-0"]
[WhiteElo "2113"]
[BlackElo "1938"]
[PlyCount "111"]
[EventDate "2010.01.28"]
[EventType "swiss"]
[EventRounds "9"]
[EventCountry "LBY"]
[SourceTitle "CBM 134 Extra"]
[Source "ChessBase"]
[SourceDate "2010.03.03"]
[SourceVersion "1"]
[SourceVersionDate "2010.03.03"]
[SourceQuality "1"]

1. d4 d5 2. c4 e6 3. Nf3 Nf6 4. Nc3 c6 5. cxd5 exd5 6. Bg5 Be7 7. Qc2 0-0 8. e3 Re8 9. Bd3 h6 10. Bf4 Be6 11. h3 Nbd7 12. 0-0 a5 13. Rfc1 b5 14. Ne2 Rc8 15. a4 Qb6 16. Ng3 g5 17. Be5 Nxe5 18. dxe5 Nd7 19. Nf5 Bf8 20. N5d4 b4 21. Nxe6 fxe6 22. Bg6 Re7 23. Bh5 Bg7 24. Bg4 c5 25. Qg6 Nf8 26. Qh5 Qd8 27. h4 Qe8 28. hxg5 Qxh5 29. Bxh5 hxg5 30. Bg4 c4 31. Rd1 Rc6 32. Nd4 Rb6 33. f4 gxf4 34. exf4 Bh6 35. Ne2 Ng6 36. Rf1 Rg7 37. Bh3 Rf7 38. g3 Bf8 39. Kg2 Bc5 40. Rad1 c3 41. Bxe6 Rxe6 42. Rxd5 Bb6 43. bxc3 Ne7 44. Rb5 Nf5 45. Rc1 Ne3+ 46. Kf3 Nc4 47. Kg4 Rg6+ 48. Kf3 Re6 49. Kg4 Be3 50. Rd1 Bd2 51. Rh1 bxc3 52. Rc5 Ne3+ 53. Kf3 c2 54. Nd4 Re8 55. Nxc2 Nf5 56. Rh5 1-0

[Event "Arab Clubs-chT 11th"]
[Site "Tunis"]
[Date "2009.12.17"]
[Round "7"]
[White "Elobeid, Asim Ali"]
[Black "Eiti, Bashir"]
[Result "0-1"]
[WhiteElo "2134"]
[BlackElo "1813"]
[PlyCount "78"]
[EventDate "2009.12.12"]
[EventType "team-swiss"]
[EventRounds "9"]
[EventCountry "TUN"]
[SourceTitle "EXT 2020"]
[Source "ChessBase"]
[SourceDate "2019.10.17"]
[SourceVersion "1"]
[SourceVersionDate "2019.10.17"]
[SourceQuality "1"]
[WhiteTeam "Al Ahli Wad Medani"]
[BlackTeam "Al Mohafza"]
[WhiteTeamCountry "SUD"]
[BlackTeamCountry "SYR"]

1. d4 d5 2. c4 e6 3. Nf3 Nf6 4. Bg5 c6 5. Nc3 Nbd7 6. e3 Qa5 7. Qc2 Ne4 8. Rc1 Bb4 9. cxd5 exd5 10. Bd3 Nxg5 11. Nxg5 h6 12. Nf3 Qxa2 13. 0-0 Qa5 14. e4 Bxc3 15. bxc3 dxe4 16. Bxe4 0-0 17. Rfe1 Nf6 18. Bd3 Be6 19. Ne5 c5 20. Rb1 cxd4 21. c4 b6 22. Qe2 Qc5 23. f4 Rad8 24. g4 Nd7 25. Rb5 Qd6 26. g5 Nxe5 27. Rxe5 Bc8 28. gxh6 Qxh6 29. Rg5 Bd7 30. Qg2 Rde8 31. Ree5 Rxe5 32. fxe5 Re8 33. Qg3 Re6 34. h4 f6 35. exf6 Qxf6 36. c5 Re3 37. Qb8+ Be8 38. Rh5 Re1+ 39. Kg2 Qe6 0-1

[Event "Wch U18"]
[Site "Kemer"]
[Date "2009.11.16"]
[Round "5"]
[White "Faizulaev, Akmal"]
[Black "Eiti, Bashir"]
[Result "1-0"]
[WhiteElo "2303"]
[BlackElo "1813"]
[PlyCount "66"]
[EventDate "2009.11.12"]
[EventType "swiss"]
[EventRounds "11"]
[EventCountry "TUR"]
[SourceTitle "EXT 2010"]
[Source "ChessBase"]
[SourceDate "2010.11.25"]
[SourceVersion "1"]
[SourceVersionDate "2010.11.25"]
[SourceQuality "1"]

1. Nf3 Nf6 2. c4 c6 3. d4 d5 4. Nc3 e6 5. Bg5 h6 6. Bh4 g5 7. Bg3 dxc4 8. e4 b5 9. Be2 Bb7 10. 0-0 Nbd7 11. Ne5 a6 12. Qc2 Bg7 13. Nxf7 Kxf7 14. e5 h5 15. exf6 Bxf6 16. Ne4 Kg7 17. Rad1 Qe7 18. Bd6 Qf7 19. Qd2 Qg6 20. Qe3 Rae8 21. Be5 Nxe5 22. dxe5 Bd8 23. Rd7+ Re7 24. Rfd1 c5 25. Qxc5 Bxe4 26. Rxe7+ Bxe7 27. Qxe7+ Kh6 28. Rd2 Re8 29. Qd6 Bd5 30. h3 g4 31. hxg4 hxg4 32. Qa3 Qb1+ 33. Kh2 Qf5 1-0

[Event "Wch U18"]
[Site "Kemer"]
[Date "2009.11.15"]
[Round "4"]
[White "Eiti, Bashir"]
[Black "Yilmazyerli, Mert"]
[Result "1/2-1/2"]
[WhiteElo "1813"]
[BlackElo "2295"]
[PlyCount "158"]
[EventDate "2009.11.12"]
[EventType "swiss"]
[EventRounds "11"]
[EventCountry "TUR"]
[SourceTitle "EXT 2010"]
[Source "ChessBase"]
[SourceDate "2010.11.25"]
[SourceVersion "1"]
[SourceVersionDate "2010.11.25"]
[SourceQuality "1"]

1. Nf3 Nf6 2. d4 e6 3. Bg5 c5 4. e3 Be7 5. c3 b6 6. Nbd2 0-0 7. Bd3 Nc6 8. 0-0 cxd4 9. exd4 Nd5 10. Bxe7 Ncxe7 11. Re1 Bb7 12. Ne4 Qc7 13. g3 f5 14. Neg5 h6 15. Nh3 Rf6 16. Ne5 d6 17. Nc4 Qc6 18. f3 g5 19. Nd2 Ng6 20. Bf1 e5 21. c4 Nde7 22. d5 Qc5+ 23. Nf2 Raf8 24. Bg2 h5 25. Rc1 g4 26. fxg4 hxg4 27. Rf1 R6f7 28. Qe2 Bc8 29. a3 Ba6 30. b4 Qc8 31. Qd3 Rh7 32. Nd1 Kg7 33. Rf2 Rfh8 34. Nf1 Qd7 35. Nde3 Rf8 36. Qd1 e4 37. Qd4+ Kg8 38. Nd2 Ne5 39. Rcf1 Nf3+ 40. Bxf3 gxf3 41. Nxe4 fxe4 42. Qxe4 Qh3 43. Ng4 Rg7 44. Ne3 Rgf7 45. Rxf3 Rxf3 46. Rxf3 Rxf3 47. Qxf3 Qh6 48. Qe4 Qg5 49. c5 bxc5 50. bxc5 dxc5 51. Qe6+ Kf8 52. d6 Nc6 53. d7 Nd8 54. Qe8+ Kg7 55. g4 Bd3 56. Kg2 Bg6 57. Kg3 Qf6 58. Nd5 Qd6+ 59. Nf4 Nf7 60. d8Q Nxd8 61. Qxd8 Qxd8 62. Ne6+ Kf6 63. Nxd8 c4 64. Kf4 c3 65. g5+ Ke7 66. Nc6+ Kd6 67. Nd4 c2 68. Ne2 Kd5 69. h4 Bh5 70. Nc1 Kd4 71. Kf5 Kc3 72. g6 Kb2 73. Nd3+ Kb1 74. g7 Bf7 75. Kf4 Bc4 76. Ke3 Bxd3 77. Kxd3 c1Q 78. g8Q Qxa3+ 79. Kd4 Qd6+ 1/2-1/2

[Event "Wch U18"]
[Site "Kemer"]
[Date "2009.11.14"]
[Round "3"]
[White "Hansen, Eric"]
[Black "Eiti, Bashir"]
[Result "1-0"]
[WhiteElo "2409"]
[BlackElo "1813"]
[PlyCount "91"]
[EventDate "2009.11.12"]
[EventType "swiss"]
[EventRounds "11"]
[EventCountry "TUR"]
[SourceTitle "EXT 2010"]
[Source "ChessBase"]
[SourceDate "2010.11.25"]
[SourceVersion "1"]
[SourceVersionDate "2010.11.25"]
[SourceQuality "1"]

1. Nf3 Nf6 2. d4 d5 3. c4 c6 4. e3 e6 5. Bd3 Nbd7 6. 0-0 Bd6 7. Nbd2 0-0 8. Qe2 e5 9. cxd5 cxd5 10. dxe5 Nxe5 11. Nxe5 Bxe5 12. h3 Re8 13. Nf3 Bc7 14. b3 Ne4 15. Bb2 Qd6 16. Rfd1 Ng5 17. Kf1 Nxh3 18. gxh3 Bxh3+ 19. Ke1 Ba5+ 20. Nd2 Qh2 21. Qf3 h5 22. Bf5 Bg2 23. Qg3 Qxg3 24. fxg3 Bf3 25. Kf2 Bxd1 26. Rxd1 g6 27. Bb1 Bb6 28. Nf1 Rad8 29. Bd3 Re6 30. Kf3 Rde8 31. Bb5 Rd8 32. b4 f6 33. Ba4 Kf8 34. Bc2 Kg7 35. Bb3 Red6 36. Nh2 Re8 37. Rd3 Rde6 38. Nf1 Re4 39. Rxd5 Rxe3+ 40. Nxe3 Rxe3+ 41. Kf4 Re1 42. Ba4 Bc7+ 43. Kf3 Kf7 44. Bd4 a6 45. Bc5 Ke6 46. Bb3 1-0

[Event "Arab Cities-chT"]
[Site "Cairo"]
[Date "2009.11.01"]
[Round "9"]
[White "Ezat, Mohamed Mahmoud"]
[Black "Eiti, Bashir"]
[Result "1-0"]
[WhiteElo "2470"]
[BlackElo "1813"]
[PlyCount "108"]
[EventDate "2009.10.25"]
[EventType "team-tourn"]
[EventRounds "9"]
[EventCountry "EGY"]
[SourceTitle "EXT 2010"]
[Source "ChessBase"]
[SourceDate "2010.11.25"]
[SourceVersion "1"]
[SourceVersionDate "2010.11.25"]
[SourceQuality "1"]
[WhiteTeam "Gizza"]
[BlackTeam "Damascus"]
[WhiteTeamCountry "EGY"]
[BlackTeamCountry "SYR"]

1. d4 d5 2. c4 c6 3. Nc3 Nf6 4. e3 e6 5. Nf3 Nbd7 6. Bd3 dxc4 7. Bxc4 b5 8. Be2 a6 9. a3 Bb7 10. b4 Bd6 11. 0-0 0-0 12. Bb2 Qe7 13. Bd3 Rfd8 14. Ne4 Nxe4 15. Bxe4 g6 16. Rc1 Rac8 17. Qb3 e5 18. Qc3 f6 19. Qb3+ Kg7 20. Rfd1 Re8 21. dxe5 Nxe5 22. Nxe5 Bxe5 23. Bxe5 Qxe5 24. Bf3 Red8 25. h3 Rd6 26. Rxd6 Qxd6 27. Rd1 Qe7 28. Qd3 Kf7 29. Qc3 Rd8 30. Rd4 Rd6 31. Qd2 Rxd4 32. Qxd4 Qc7 33. g4 Ke7 34. g5 Qe5 35. Qxe5+ fxe5 36. Be4 Bc8 37. Bxc6 Bxh3 38. f4 Bc8 39. Bd5 exf4 40. exf4 Kd6 41. Bg8 Ke7 42. Bd5 Kd6 43. Bf3 Bd7 44. Kf2 Bc6 45. Be2 Bd5 46. Ke3 Ke6 47. Kd4 Kd6 48. Bd3 Be6 49. Be4 Bd7 50. Bb7 Kc7 51. Bg2 Kd6 52. Bh1 Be6 53. Bb7 Bf5 54. Bxa6 Bd7 1-0

[Event "Arab Cities-chT"]
[Site "Cairo"]
[Date "2009.10.26"]
[Round "3"]
[White "Eiti, Bashir"]
[Black "Elobeid, Asim Ali"]
[Result "1-0"]
[WhiteElo "1813"]
[BlackElo "2134"]
[PlyCount "87"]
[EventDate "2009.10.25"]
[EventType "team-tourn"]
[EventRounds "9"]
[EventCountry "EGY"]
[SourceTitle "EXT 2010"]
[Source "ChessBase"]
[SourceDate "2010.11.25"]
[SourceVersion "1"]
[SourceVersionDate "2010.11.25"]
[SourceQuality "1"]
[WhiteTeam "Damascus"]
[BlackTeam "Elkadaref"]
[WhiteTeamCountry "SYR"]
[BlackTeamCountry "SUD"]

1. d4 Nf6 2. Nf3 g6 3. Bf4 Bg7 4. c3 d6 5. Nbd2 Nc6 6. Qc2 0-0 7. e4 Qe8 8. Bd3 e5 9. dxe5 Nxe5 10. Nxe5 dxe5 11. Be3 Qe7 12. f3 Nh5 13. 0-0-0 Be6 14. Nb3 b6 15. Kb1 a5 16. Bb5 a4 17. Nc1 a3 18. b3 c5 19. c4 f5 20. Ne2 fxe4 21. fxe4 Bg4 22. Rd2 Bxe2 23. Rxe2 Qh4 24. Rd1 Rad8 25. Rxd8 Rxd8 26. g3 Qg4 27. Bc6 Rf8 28. Re1 Nf6 29. Bc1 Qf3 30. Bxa3 Ng4 31. Bc1 Nf2 32. Bd5+ Kh8 33. Be3 Ng4 34. Bg5 Bf6 35. Bc1 h5 36. h3 Qxg3 37. Qd2 Qxh3 38. Rg1 Bg7 39. Be6 Rf4 40. Qd8+ Rf8 41. Qd1 Nf2 42. Bxh3 Nxd1 43. Rxd1 Rf3 44. Bf1 1-0